Marie-Antoinette l'affranchie : Portrait inédit d'une icône de mode (notice n° 1994367)
[ vue normale ]
| 000 -LEADER | |
|---|---|
| fixed length control field | 01397cam a2200133 4500500 |
| 005 - DATE AND TIME OF LATEST TRANSACTION | |
| control field | 20260329050408.0 |
| 041 ## - LANGUAGE CODE | |
| Language code of text/sound track or separate title | fre |
| 042 ## - AUTHENTICATION CODE | |
| Authentication code | dc |
| 100 10 - MAIN ENTRY--PERSONAL NAME | |
| Personal name | Le Bras-Chauvot, Sylvie |
| Relator term | author |
| 245 00 - TITLE STATEMENT | |
| Title | Marie-Antoinette l'affranchie : Portrait inédit d'une icône de mode |
| 260 ## - PUBLICATION, DISTRIBUTION, ETC. | |
| Name of publisher, distributor, etc. | Armand Colin,<br/> |
| Date of publication, distribution, etc. | 2020.<br/> |
| 520 ## - SUMMARY, ETC. | |
| Summary, etc. | Nous connaissons surtout Marie-Antoinette à travers les clichés qui nous sont parvenus et qui colportent une image d’elle bien souvent à charge. Frivole, dépensière, infidèle, « Madame Déficit », puis « Madame Veto » a été dans la plupart des récits la reine haïe, « l’Autrichienne » traître à la patrie.Cet ouvrage a pour but de bousculer les idées reçues ; il relate l’arrivée d’une jeune fille de quinze ans à la cour de Versailles qui va être amenée à faire évoluer les esprits de son temps en s’attaquant aux carcans : l’étiquette mais aussi la mode et bien d’autres domaines. L’auteure revient sur « l’affaire du collier » et autres scandales qui ont terni l’image de Marie-Antoinette en donnant sa version des faits de façon objective, loin de toute passion.On découvre alors le destin d’une femme broyée par l’histoire dont le portrait nuancé la rend plus proche de nous. |
| 856 41 - ELECTRONIC LOCATION AND ACCESS | |
| Uniform Resource Identifier | <a href="https://shs.cairn.info/marie-antoinette-l-affranchie--9782200627935?lang=fr&redirect-ssocas=7080">https://shs.cairn.info/marie-antoinette-l-affranchie--9782200627935?lang=fr&redirect-ssocas=7080</a> |
Pas d'exemplaire disponible.




Réseaux sociaux